Systémy logistiky
Saved in:
| Format: | Serial |
|---|---|
| Language: | Slovak |
| Published: |
Praha
ATOZ Marketing Services
2017
|
| Tags: |
No Tags, Be the first to tag this record!
|
MARC
| LEADER | 00000nas2a2200000 4500 | ||
|---|---|---|---|
| 001 | 0229990 | ||
| 005 | 20220307125454.7 | ||
| 022 | |a [nemá] | ||
| 041 | 0 | |a slo | |
| 044 | |a CZ | ||
| 245 | 1 | 0 | |a Systémy logistiky |
| 264 | 1 | |a Praha |b ATOZ Marketing Services |c 2017 | |
| 773 | 0 | |w eu_un_cat*0054232 | |
| 774 | 0 | |w eu_un_cat*0282475 | |